| 000 | nam a22 7a 4500 | ||
|---|---|---|---|
| 999 |
_c126833 _d126833 |
||
| 008 | 170830b xxu||||| |||| 00| 0 eng d | ||
| 050 | _aBV4531.2.O54 1994 | ||
| 245 |
_aThe ongoing journey _bAwakening spiritual life in at risk youth _cEdited by Boys town press |
||
| 260 |
_aNebraska _bBoys Town Press _c1995 |
||
| 300 |
_a225p. ; _c24cm. |
||
| 650 |
_aYouth _xUnited States _xReligious life _935383 |
||
| 650 |
_aSocially handicapped youth _xUnited States _xReligious life _935384 |
||
| 650 |
_aChurch work with youth _xUnited States _935385 |
||
| 710 |
_aEdited by Boys Town Press _935386 |
||
| 942 |
_2lcc _cMONOGRAPH |
||